Mines quizz - Statistiques

Statistiques générales
  • Ce quiz a été pris 10 fois
  • Le résultat moyen est 14 sur 24
Statistiques - réponses
Concours Nombre de places École % Correct
Mines-Pont 20 IMT Atlantique
100%
Mines-Telecom 4 IMT Nord-Europe
100%
Mines-Pont 36 Telecom ParisTech
100%
Mines-Telecom 24 Telecom SudParis
100%
Mines-Pont 8 Mines Nancy
86%
Mines-Pont 4 Mines ParisTech
86%
Mines-Pont 20 Mines Saint Étienne
86%
Mines-Telecom 5 Mines Saint Étienne | ISMIN
86%
Mines-Pont 5 Ponts ParisTech
86%
Mines-Telecom 6 ENSTA Bretagne
71%
Mines-Pont 11 ENSTA ParisTech
71%
Mines-Telecom 5 IMT Albi
71%
Mines-Telecom 5 IMT Ales
71%
Mines-Telecom 7 Telecom Saint Étienne
71%
Mines-Pont 10 ENSAE ParisTech
57%
Mines-Telecom 26 Telecom Nancy
57%
Mines-Pont 10 ISAE Supaero
43%
Mines-Telecom 13 EUROCOM
29%
Mines-Telecom 10 Telecom Physique Strasbourg | TPS
29%
Mines-Telecom 5 ENSG
14%
Mines-Telecom 12 ENSIIE
14%
Mines-Telecom 5 ENTPE
14%
Mines-Telecom 2 ENSG Nancy
0%
Mines-Telecom 12 ENSSAT
0%
Aucun quiz correspondant
Distribution des résultats
% des personnes avec chaque résultat
Percentile par nombre de réponses
Votre historique - résultats
Vous n’avez pas pris ce quiz